000 01277nam a2200373 i 4500
001 000047609
003 DO-SdBNP
005 20260305073952.0
007 ta
008 180704s2017 dr 001 0 spa d
020 _a9789993439790
040 _aDO-SdBNP
_bspa
_cBNPHU
041 _aspa
082 4 _a972.93
_bM938ot
_222
100 1 _aMoya Pons, Frank,
_d1944-
_eautor
_4aut.
_92095
245 1 0 _aOtras miradas a la historia dominicana /
_cFrank Moya Pons.
250 _aPrimera edición
264 _aSanto Domingo :
_bLibreria La Trinitaria,
_c2017.
300 _a501 páginas ;
_c24 cm.
336 _atexto
_btxt
_2rdacontent
337 _asin mediación
_bn
_2rdamedia
338 _avolumen
_bnc
_2rdacarrier
500 _aIncluye índice onomástico
500 _aIncluye apéndice
590 _aInventariado, 2018/ YL
650 0 _aFerrocarriles
_91458
651 4 _aRepública Dominicana
_xHistoria
_9170
651 4 _aRepública Dominicana
_xCondiciones sociales
_xHistoria
_91211
651 4 _aRepública Dominicana
_xCondiciones económicas
_xHistoria
_9281
651 4 _aRepública Dominicana
_xPoblación
_xHistoria
_91456
651 4 _aRepública Dominicana
_xHistoriografía
_91457
910 _aValidado. Control de calidad MFF
942 _2ddc
_cLBS1
999 _c47097
_d47097